NLSUI OPAC header image

Comparitive law droit compare 1978 : Selected essays for the 10th International Congress of comparitive law (Record no. 4008)

MARC details
000 -LEADER
fixed length control field 00456nam a2200157Ia 4500
008 - FIXED-LENGTH DATA ELEMENTS--GENERAL INFORMATION
fixed length control field 160316s1978 xxu||||| |||| 00| 0 eng d
082 ## - DEWEY DECIMAL CLASSIFICATION NUMBER
Classification number 340.200000
Item number SZA
100 ## - MAIN ENTRY--PERSONAL NAME
Personal name Szabo Imre
245 ## - TITLE STATEMENT
Title Comparitive law droit compare 1978 : Selected essays for the 10th International Congress of comparitive law
250 ## - EDITION STATEMENT
Edition statement
260 ## - PUBLICATION, DISTRIBUTION, ETC.
Place of publication, distribution, etc. Budpest
Name of publisher, distributor, etc. Akademiai Kiado
Date of publication, distribution, etc. 1978
300 ## - PHYSICAL DESCRIPTION
Extent 438p
Other physical details 20 cm
Dimensions
365 ## - TRADE PRICE
Price amount $38.00
650 ## - SUBJECT ADDED ENTRY--TOPICAL TERM
Topical term or geographic name entry element
700 ## - ADDED ENTRY--PERSONAL NAME
Personal name Peteri Zoltan
--
Holdings
Withdrawn status Lost status Damaged status Not for loan Home library Current library Shelving location Date acquired Cost, normal purchase price Total Checkouts Full call number Barcode Date last seen Price effective from Koha item type
        . . Library Compactors 30.05.2017 38.00   340.2 SZA 4177 30.05.2017 30.05.2017 BOOKs